00443 a2200181 4500001000700000020001800007020001300025020003100038041000800069082001000077100002300087250001400110300001100124856002400135040002500159245004600184260003100230112659 a9780545341028 q(broch.) a9781451756210 (Paw prints) aeng a[Fic] aStilton, Geronimo. a1 st. ed. a109 p. u000021/000021f5.jpg aBR-BrIDEAcBR-BrIDEA10aThis hotel is haunted!c Geronimo Stilton aNew YorkbScholasticc2012